LEADER 00689nam2 22002171i 450 001 990002247110403321 035 $a000224711 035 $aFED01000224711 035 $a(Aleph)000224711FED01 035 $a000224711 100 $a20030801d--------km-y0itay50------ba 200 1 $aAddition reactions with formation ofcarbon-oxygen bonds$e(iv) the wackeroxidation and related reactions. Oxford,1991, v. 7, p. 449-468. 463 0$1001000222787 701 1$aTsuji,$bJiro$092968 801 0$aIT$bUNINA$gRICA$2UNIMARC 901 $aBK 912 $a990002247110403321 959 $aFFABC 996 $aAddition reactions with formation ofcarbon-oxygen bonds$9398619 997 $aUNINA DB $aING01 LEADER 01556nam 2200421 n 450 001 996390715303316 005 20200824120430.0 035 $a(CKB)4940000000099305 035 $a(EEBO)2240889353 035 $a(UnM)99828313e 035 $a(UnM)99828313 035 $a(EXLCZ)994940000000099305 100 $a19950410d1662 uy | 101 0 $aeng 135 $aurbn||||a|bb| 200 10$aHeavens glory, and hells horror: or, the parable of Dives and Lazarus opened and applied$b[electronic resource] $eWherein, the everlasting joy of the saints and the endless torments of the wicked are discovered: for the confort of the one, and terror of the other. By J.H. a servant of Jesus Christ 210 $aLondon $cprinted for John Andrews, at the White Lion, near Pye-Corner$d1662 215 $a[48] p. $cill 300 $aJ. H. = John Hart. 300 $aWith a frontispiece woodcut portrait. 300 $aSignatures: A-C. 300 $aReproduction of the original in the Congregational Library, London. 330 $aeebo-0028 606 $aParables$vEarly works to 1800 606 $aHeaven$vEarly works to 1800 606 $aHell$vEarly works to 1800 615 0$aParables 615 0$aHeaven 615 0$aHell 700 $aHart$b John$cD.D.$0195672 801 0$bCu-RivES 801 1$bCu-RivES 801 2$bCStRLIN 801 2$bWaOLN 906 $aBOOK 912 $a996390715303316 996 $aHeavens glory, and hells horror: or, the parable of Dives and Lazarus opened and applied$92354114 997 $aUNISA